Topics in optimal transportation

Saved in:
Bibliografiske detaljer
Hovedforfatter: Villani, Cédric (Author)
Format: Bog
Sprog:engelsk
Udgivet: Providence American Mathematical Society 2003
Serier:Graduate Studies in Mathematics, 58
Fag:
Tags: Tilføj Tag
Ingen Tags, Vær først til at tagge denne postø!

MARC

LEADER 00000cam a2200000 a 4500
001 UCG7936
003 CL-VaPUC
008 111028e20030000US |||||||||||||||||eng|d
020 |a 082183312X 
082 0 4 |a 519.72  |b VIL  |2 21 
100 0 |a Villani, Cédric  |e author  |9 558445 
245 1 0 |a Topics in optimal transportation 
300 |a 370 p 
942 |c BK 
945 |d 20111028 00:00:00  |a dcastane 
260 |a Providence  |b American Mathematical Society  |c 2003 
650 0 |a Matemáticas aplicadas  |9 342401 
650 0 |a Probabilidades   |9 260199 
650 0 |a Programación lineal   |9 23 
583 |a last modification  |c 20111028 11:35:00  |k Rodrigo Vera 
490 0 |a Graduate Studies in Mathematics, 58 
999 |c 345624  |d 345622 
952 |0 0  |1 0  |4 0  |6 519_720000000000000_VIL_2003  |7 0  |8 A  |9 444552  |a BIBMAT  |b BIBMAT  |d 2019-11-22  |i 4792882  |o 519.72 VIL 2003  |p 4792882  |r 2025-01-07  |w 2019-11-22  |y BK  |k MAT